History Quiz

Random History or Famous Quiz

Historical norwegians Quiz Stats

 Plays Quiz not verified by Sporcle

Challenge
Share
Tweet
Embed
Score 0/35 Timer 07:00
0 Plays Today
Occupation Name % Correct
ExplorerRoald Amundsen
90.4%
PainterEdvard Munch
90.4%
Playwright, poetHenrik Ibsen
89.9%
ComposerEdvard Grieg
84.8%
ExplorerThor Heyerdahl
78.1%
ExplorerFridthjof Nansen
75.8%
PoliticianVidkun Quisling
75.8%
Author, poetBjørnstjerne Bjørnson
68.5%
AuthorKnut Hamsun
67.4%
Author, poetJonas Lie
67.4%
PoliticianTrygve Lie
66.3%
FolkloristJørgen Moe
64.6%
Philologist, poetIvar Aasen
62.4%
FolkloristPeter Christian Asbjørnsen
62.4%
Film makerIvo Caprino
59%
AuthorAlexander Kielland
57.3%
SculpturerGustav Vigeland
56.7%
PoetHenrik Wergeland
56.2%
Occupation Name % Correct
ComposerOle Bull
52.2%
PoliticianEinar Gerhardsen
51.7%
Musician, author, poetAlf Prøysen
48.9%
Author, poetSigrid Undset
47.8%
ScientistNiels Henrik Abel
47.2%
PoetJohan Sebastian Welhaven
33.7%
Historian and playwrightLudvig Holberg
32.6%
War heroPeter Wessel 'Tordenskjold'
29.8%
PainterTheodor Kittelsen
28.1%
ExplorerHelge Ingstad
22.5%
PainterJ.C. Dahl
20.8%
Author, poet, playwrightHulda Garborg
20.2%
PainterNikolai Astrup
15.2%
PainterChristian Krohg
12.9%
ScientistGerhard Armauer Hansen
7.9%
InventorThor Bjørklund
7.9%
HistorianErnst Sars
5.6%

You're not logged in!

Compare scores with friends on all Sporcle quizzes.
Join for Free
OR
Log In

You Might Also Like...

Show Comments

Extras

Top Quizzes Today


Score Distribution

Your Account Isn't Verified!

In order to create a playlist on Sporcle, you need to verify the email address you used during registration. Go to your Sporcle Settings to finish the process.

Report this User

Report this user for behavior that violates our Community Guidelines.

Details: